| 000 | 00433cam a2200169ua 4500 | ||
|---|---|---|---|
| 020 | _c10.00 | ||
| 041 |
_amal _h |
||
| 082 |
_a894.8124 _bTAG/TA |
||
| 100 | _aTagore, Ravindra Nath. | ||
| 245 |
_aTagorinte prabhandangal, Vol 1 / _cRabindra Nath Tagore. _hTextual Documents |
||
| 260 |
_aNew Delhi : _bSahitya Academy , _c1962. |
||
| 300 | _a655 ; . | ||
| 365 | _a10.00 | ||
| 504 | _a | ||
| 942 | _cBK | ||
| 999 |
_c5252 _d5252 |
||